Nội tiêu hóa ( Dùng cho đại học)

Nội dung đề cập triệu chứng học mô tả được định nghĩa, biểu hiện lâm sàng, nguyên nhân của các triệu chứng chức năng của bộ máy tiêu hóa và trình bày các bệnh liên quan đến tiêu hóa bao gồm nguyên nhân, triệu chứng, điều trị và cách ph...

Full beskrivning

Sparad:
Bibliografiska uppgifter
Huvudupphovsman: Trần Việt Tú (Chủ biên)
Övriga upphovsmän: Đỗ Xuân Chương (Biên soạn), Hoàng Gia Lợi (Biên soạn)
Materialtyp: Bok
Språk:Vietnamese
Publicerad: H. Quân đội nhân dân 2011
Upplaga:Tái bản lần thứ 1 có sữa chữa, bổ sung
Ämnen:
Taggar: Lägg till en tagg
Inga taggar, Lägg till första taggen!
Thư viện lưu trữ: Thư viện Trường Đại học Nam Cần Thơ
LEADER 01641nam a22002537a 4500
001 NCT_62168
008 190405b xxu||||| |||| 00| 0 vie d
999 |c 3011  |d 3011 
020 |c 245000 
082 0 4 |2 23rd ed.  |a 616.3  |b T500 
100 1 |a Trần Việt Tú  |e Chủ biên 
245 1 0 |a Nội tiêu hóa  |b ( Dùng cho đại học)  |c Trần Việt Tú (chủ biên) ; Đỗ Xuân Chương, Hoàng Gia Lợi, ...(biên soạn) 
250 |a Tái bản lần thứ 1 có sữa chữa, bổ sung 
260 |a H.  |b Quân đội nhân dân  |c 2011 
300 |a 375 tr.  |b Minh họa  |c 27cm 
500 |a ĐTTS ghi: Học viện Quân y. Bộ môn Nội tiêu hóa 
520 3 |a Nội dung đề cập triệu chứng học mô tả được định nghĩa, biểu hiện lâm sàng, nguyên nhân của các triệu chứng chức năng của bộ máy tiêu hóa và trình bày các bệnh liên quan đến tiêu hóa bao gồm nguyên nhân, triệu chứng, điều trị và cách phòng ngừa. 
653 |a Y Đa khoa 
700 1 |a Đỗ Xuân Chương  |e Biên soạn 
700 1 |a Hoàng Gia Lợi  |e Biên soạn 
942 |2 ddc  |c BK 
952 |0 0  |1 0  |2 ddc  |4 0  |6 616_300000000000000_T500  |7 0  |9 16355  |a 000001  |b 000001  |d 2019-04-05  |o 616.3 T500  |p MD.15027  |r 2019-04-05  |v 245000.00  |w 2019-04-05  |y BK 
952 |0 0  |1 0  |2 ddc  |4 0  |6 616_300000000000000_T500  |7 0  |9 16356  |a 000001  |b 000001  |d 2019-04-05  |l 2  |m 1  |o 616.3 T500  |p MD.15028  |r 2021-01-29  |s 2021-01-20  |v 245000.00  |w 2019-04-05  |y BK 
980 |a Thư viện Trường Đại học Nam Cần Thơ